[Event "Baden Youth-ch 2020"]
[Site "Karlsruhe-Durlach"]
[Date "2020.01.02"]
[Round "1.4"]
[White "Stefan, Michael"]
[Black "Dobrikov, Marco"]
[Result "0-1"]
[WhiteElo "1566"]
[BlackElo "2291"]
[Annotator "ChessBase"]
[PlyCount "68"]
[EventDate "2020.01.02"]
[EventType "swiss"]
[EventCountry "GER"]
[SourceTitle "playchess.com"]
[Source "ChessBase"]
[SourceQuality "1"]
[TimeControl "5400+30"]

1. Nf3 {[%emt 0:00:00]} c5 {[%emt 0:00:00]} 2. b3 {[%emt 0:00:42]} Nc6 {[%emt 0:00:25]} 3. Bb2 {[%emt 0:00:12]} d5 {[%emt 0:00:13]} 4. e3 {[%emt 0:00:17]} Nf6 {[%emt 0:00:53]} 5. d4 {[%emt 0:00:09]} cxd4 {[%emt 0:00:17]} 6. Nxd4 {[%emt 0:01:39]} Qd6 {[%emt 0:09:02]} 7. Nb5 {[%emt 0:05:55]} Qd8 {[%emt 0:02:42]} 8. c4 {[%emt 0:04:49]} a6 {[%emt 0:01:07]} 9. Nd4 {[%emt 0:02:43]} Bg4 {[%emt 0:07:31]} 10. f3 {[%emt 0:02:52]} Bd7 {[%emt 0:01:28]} 11. Nd2 {[%emt 0:03:46]} e6 {[%emt 0:01:02]} 12. a3 {[%emt 0:02:44]} Bd6 {[%emt 0:00:20]} 13. Bd3 {[%emt 0:01:42]} O-O {[%emt 0:00:54]} 14. O-O {[%emt 0:00:14]} Qc7 {[%emt 0:01:07]} 15. f4 {[%emt 0:03:47]} Nxd4 {[%emt 0:00:41]} 16. Bxd4 {[%emt 0:01:31]} e5 {[%emt 0:01:56]} 17. fxe5 {[%emt 0:02:08]} Bxe5 {[%emt 0:00:01]} 18. Rxf6 {[%emt 0:04:26]} Bxf6 {[%emt 0:02:42]} 19. Bxf6 {[%emt 0:00:11]} gxf6 {[%emt 0:01:18]} 20. Qh5 {[%emt 0:00:14]} Rfe8 {[%emt 0:01:21]} 21. Rf1 {[%emt 0:12:34]} Qe5 {[%emt 0:02:03]} 22. Bxh7+ {[%emt 0:06:06]} Kg7 {[%emt 0:00:49]} 23. Bf5 {[%emt 0:05:05]} Bxf5 {[%emt 0:00:29]} 24. Rxf5 {[%emt 0:02:15]} Qxe3+ {[%emt 0:00:06]} 25. Kh1 {[%emt 0:00:22]} Qxd2 {[%emt 0:00:26]} 26. Qg4+ {[%emt 0:00:47]} Kf8 {[%emt 0:00:07]} 27. h3 {[%emt 0:01:04]} Re1+ {[%emt 0:00:19]} 28. Kh2 {[%emt 0:00:01]} Qd1 {[%emt 0:00:32]} 29. Qh4 {[%emt 0:02:05]} Rh1+ {[%emt 0:00:14]} 30. Kg3 {[%emt 0:00:08]} Qe1+ {[%emt 0:00:14]} 31. Kg4 {[%emt 0:00:18]} Qxh4+ {[%emt 0:00:04]} 32. Kxh4 {[%emt 0:00:16]} dxc4 {[%emt 0:00:02]} 33. bxc4 {[%emt 0:00:10]} Ke7 {[%emt 0:00:15]} 34. Rc5 {[%emt 0:00:31]} Rd8 {[%emt 0:00:17]} 0-1

[Event "Baden Youth-ch 2020"]
[Site "Karlsruhe-Durlach"]
[Date "2020.01.02"]
[Round "1.5"]
[White "Wu, Luka"]
[Black "Divry, Alexandre"]
[Result "1-0"]
[WhiteElo "2057"]
[BlackElo "1539"]
[Annotator "NA"]
[PlyCount "86"]
[EventDate "2020.01.02"]
[EventType "swiss"]
[EventCountry "GER"]
[SourceTitle "playchess.com"]
[Source "ChessBase"]
[SourceQuality "1"]
[TimeControl "5400+30"]

1. e4 {[%emt 0:00:00]} e5 {[%emt 0:00:00]} 2. Nf3 {[%emt 0:00:00]} Nf6 {[%emt 0:00:00]} 3. Nxe5 {[%emt 0:00:00]} d6 {[%emt 0:00:00]} 4. Nf3 {[%emt 0:00:00]} Nxe4 {[%emt 0:00:00]} 5. d4 {[%emt 0:00:11]} d5 {[%emt 0:00:00]} 6. Bd3 {[%emt 0:00:13]} Be7 {[%emt 0:00:00]} 7. c4 {[%emt 0:02:12]} Bb4+ {[%emt 0:11:37]} 8. Nbd2 {[%emt 0:05:18]} O-O {[%emt 0:03:16]} 9. O-O {[%emt 0:00:48]} Nxd2 {[%emt 0:08:17]} 10. Bxd2 {[%emt 0:00:17]} Bxd2 {[%emt 0:00:09]} 11. Qxd2 {[%emt 0:00:24]} Nd7 {[%emt 0:02:15]} 12. cxd5 {[%emt 0:01:44]} Nf6 {[%emt 0:01:06]} 13. Qc2 {[%emt 0:03:01]} h6 {[%emt 0:01:22]} 14. Bc4 {[%emt 0:01:54]} Nxd5 {[%emt 0:06:47]} 15. Bxd5 {[%emt 0:00:32]} Qxd5 {[%emt 0:00:02]} 16. Qxc7 {[%emt 0:00:23]} Bf5 {[%emt 0:04:21]} 17. Qc5 {[%emt 0:04:49]} Rfd8 {[%emt 0:03:12]} 18. Rfe1 {[%emt 0:03:57]} Be4 {[%emt 0:03:34]} 19. Qxd5 {[%emt 0:32:10]} Bxd5 {[%emt 0:01:22]} 20. Ne5 {[%emt 0:00:53]} Rac8 {[%emt 0:03:02]} 21. h3 {[%emt 0:04:47]} Rc2 {[%emt 0:02:28]} 22. b3 {[%emt 0:00:17]} f6 {[%emt 0:01:40]} 23. Ng4 {[%emt 0:00:23]} Bc6 {[%emt 0:02:36]} 24. Red1 {[%emt 0:01:00]} Be4 {[%emt 0:03:20]} 25. Ne3 {[%emt 0:05:10]} Rc7 {[%emt 0:01:57]} 26. Rd2 {[%emt 0:00:39]} Bd5 {[%emt 0:03:55]} 27. f3 {[%emt 0:02:02]} Kf7 {[%emt 0:00:47]} 28. Kf2 {[%emt 0:00:06]} b6 {[%emt 0:01:25]} 29. Re1 {[%emt 0:01:45]} Rcd7 {[%emt 0:03:15]} 30. h4 {[%emt 0:01:00]} Be6 {[%emt 0:02:30]} 31. Red1 {[%emt 0:00:42]} Bd5 {[%emt 0:00:22]} 32. g4 {[%emt 0:05:04]} Kf8 {[%emt 0:02:55]} 33. Kg3 {[%emt 0:00:35]} Bg8 {[%emt 0:02:20]} 34. d5 {[%emt 0:04:26]} Rd6 {[%emt 0:03:05]} 35. f4 {[%emt 0:00:55]} g6 {[%emt 0:02:45]} 36. Rd4 {[%emt 0:03:51]} b5 {[%emt 0:05:39]} 37. R1d2 {[%emt 0:03:55]} Bf7 {[%emt 0:01:51]} 38. g5 {[%emt 0:03:51]} hxg5 {[%emt 0:01:05]} 39. fxg5 {[%emt 0:00:13]} fxg5 {[%emt 0:00:21]} 40. hxg5 {[%emt 0:00:05]} a5 {[%emt 0:02:14]} 41. Kf4 {[%emt 0:00:22]} Rc8 {[%emt 0:02:49]} 42. Rd1 {[%emt 0:04:23]} Ke7 {[%emt 0:04:20]} 43. R4d2 {[%emt 0:02:41]} Rh8 {[%emt 0:07:29]} 1-0

[Event "Baden Youth-ch 2020"]
[Site "Karlsruhe-Durlach"]
[Date "2020.01.02"]
[Round "1.7"]
[White "Schmider, Niklas"]
[Black "Simbikangwa, Philippe"]
[Result "1-0"]
[WhiteElo "2298"]
[BlackElo "1865"]
[Annotator "ChessBase"]
[PlyCount "78"]
[EventDate "2020.01.02"]
[EventType "swiss"]
[EventCountry "GER"]
[SourceTitle "playchess.com"]
[Source "ChessBase"]
[SourceQuality "1"]
[TimeControl "5400+30"]

1. e4 {[%emt 0:00:00]} g6 {[%emt 0:00:00]} 2. d4 {[%emt 0:00:00]} Bg7 {[%emt 0:00:00]} 3. Nc3 {[%emt 0:00:00]} d6 {[%emt 0:00:00]} 4. Nf3 {[%emt 0:00:33]} Nf6 {[%emt 0:01:09]} 5. Be3 {[%emt 0:00:21]} O-O {[%emt 0:00:25]} 6. Qd2 {[%emt 0:00:53]} c6 {[%emt 0:03:23]} 7. Bd3 {[%emt 0:00:27]} Qc7 {[%emt 0:01:31]} 8. h3 {[%emt 0:08:19]} Nbd7 {[%emt 0:07:20]} 9. Ne2 {[%emt 0:03:42]} e5 {[%emt 0:04:27]} 10. dxe5 {[%emt 0:03:46]} dxe5 {[%emt 0:04:42]} 11. O-O {[%emt 0:01:25]} Re8 {[%emt 0:10:54]} 12. a4 {[%emt 0:03:50]} Nf8 {[%emt 0:09:06]} 13. Ng3 {[%emt 0:14:31]} Ne6 {[%emt 0:19:14]} 14. Rfd1 {[%emt 0:02:42]} b6 {[%emt 0:13:18]} 15. a5 {[%emt 0:02:40]} b5 {[%emt 0:01:32]} 16. c4 {[%emt 0:04:20]} bxc4 {[%emt 0:12:11]} 17. Bxc4 {[%emt 0:00:11]} Bf8 {[%emt 0:00:25]} 18. Qc3 {[%emt 0:08:06]} Nd7 {[%emt 0:03:04]} 19. Rac1 {[%emt 0:06:39]} Rb8 {[%emt 0:01:11]} 20. Bf1 {[%emt 0:02:07]} c5 {[%emt 0:02:48]} 21. Ng5 {[%emt 0:05:01]} Nxg5 {[%emt 0:01:42]} 22. Bxg5 {[%emt 0:00:07]} h6 {[%emt 0:01:26]} 23. Be3 {[%emt 0:01:01]} Qb7 {[%emt 0:00:24]} 24. Rd2 {[%emt 0:04:29]} Qb4 {[%emt 0:01:06]} 25. f3 {[%emt 0:04:27]} h5 {[%emt 0:00:37]} 26. Ne2 {[%emt 0:02:34]} Qa4 {[%emt 0:00:13]} 27. Rdd1 {[%emt 0:05:54]} Ba6 {[%emt 0:00:50]} 28. Qd2 {[%emt 0:04:06]} Bxe2 {[%emt 0:00:30]} 29. Bxe2 {[%emt 0:01:17]} Nf6 {[%emt 0:00:22]} 30. Bc4 {[%emt 0:05:33]} Rb4 {[%emt 0:00:26]} 31. Ra1 {[%emt 0:00:33]} Qc6 {[%emt 0:00:22]} 32. b3 {[%emt 0:00:14]} Be7 {[%emt 0:00:34]} 33. Qf2 {[%emt 0:01:00]} Rbb8 {[%emt 0:00:28]} 34. Qg3 {[%emt 0:00:54]} Nh7 {[%emt 0:00:48]} 35. Rd5 {[%emt 0:02:11]} Bf8 {[%emt 0:00:31]} 36. Rad1 {[%emt 0:00:40]} Rb7 {[%emt 0:00:28]} 37. Rxe5 {[%emt 0:01:52]} h4 {[%emt 0:00:18]} 38. Qf4 {[%emt 0:00:47]} Rxe5 {[%emt 0:00:43]} 39. Qxe5 {[%emt 0:00:05]} Nf6 {[%emt 0:01:02]} 1-0

[Event "Baden Youth-ch 2020"]
[Site "Karlsruhe-Durlach"]
[Date "2020.01.02"]
[Round "1.8"]
[White "Schwab, Norman"]
[Black "Doll, Alexander"]
[Result "0-1"]
[WhiteElo "1777"]
[BlackElo "2127"]
[Annotator "ChessBase"]
[PlyCount "66"]
[EventDate "2020.01.02"]
[EventType "swiss"]
[EventCountry "GER"]
[SourceTitle "playchess.com"]
[Source "ChessBase"]
[SourceQuality "1"]
[TimeControl "5400+30"]

1. e4 {[%emt 0:00:00]} e5 {[%emt 0:00:00]} 2. Nf3 {[%emt 0:00:00]} Nc6 {[%emt 0:00:00]} 3. Nc3 {[%emt 0:00:03]} Nf6 {[%emt 0:00:00]} 4. d4 {[%emt 0:00:12]} exd4 {[%emt 0:00:00]} 5. Nxd4 {[%emt 0:00:27]} Bb4 {[%emt 0:00:00]} 6. Nxc6 {[%emt 0:00:36]} bxc6 {[%emt 0:00:00]} 7. Bd3 {[%emt 0:00:14]} d5 {[%emt 0:00:00]} 8. exd5 {[%emt 0:00:47]} O-O {[%emt 0:00:00]} 9. O-O {[%emt 0:01:02]} cxd5 {[%emt 0:00:00]} 10. h3 {[%emt 0:00:27]} c6 {[%emt 0:00:59]} 11. Qf3 {[%emt 0:02:13]} Rb8 {[%emt 0:01:49]} 12. Bf4 {[%emt 0:01:51]} Bd6 {[%emt 0:00:23]} 13. b3 {[%emt 0:04:38]} Rb7 {[%emt 0:01:59]} 14. Ba6 {[%emt 0:07:13]} Re7 {[%emt 0:03:34]} 15. Bxc8 {[%emt 0:04:15]} Bxf4 {[%emt 0:01:37]} 16. Qxf4 {[%emt 0:04:04]} Qxc8 {[%emt 0:00:02]} 17. Rfe1 {[%emt 0:00:25]} Rfe8 {[%emt 0:04:12]} 18. Qd2 {[%emt 0:05:37]} Qf5 {[%emt 0:04:21]} 19. Rxe7 {[%emt 0:05:05]} Rxe7 {[%emt 0:00:03]} 20. Rd1 {[%emt 0:04:00]} h5 {[%emt 0:05:10]} 21. Ne2 {[%emt 0:05:37]} Ne4 {[%emt 0:03:25]} 22. Nd4 {[%emt 0:07:41]} Qf6 {[%emt 0:06:26]} 23. Qe3 {[%emt 0:03:50]} c5 {[%emt 0:04:45]} 24. Nf3 {[%emt 0:02:00]} Nc3 {[%emt 0:02:04]} 25. Qd2 {[%emt 0:03:13]} Nxd1 {[%emt 0:00:06]} 26. Qxd1 {[%emt 0:00:24]} Qe6 {[%emt 0:00:22]} 27. Qc1 {[%emt 0:01:17]} g6 {[%emt 0:01:56]} 28. Qh6 {[%emt 0:01:57]} a5 {[%emt 0:00:59]} 29. Ng5 {[%emt 0:01:32]} Qe1+ {[%emt 0:00:26]} 30. Kh2 {[%emt 0:00:14]} Qe5+ {[%emt 0:00:02]} 31. Kg1 {[%emt 0:01:33]} Qa1+ {[%emt 0:00:02]} 32. Kh2 {[%emt 0:00:23]} Qg7 {[%emt 0:00:03]} 33. Qxg7+ {[%emt 0:01:40]} Kxg7 {[%emt 0:00:40]} 0-1

[Event "Baden Youth-ch 2020"]
[Site "Karlsruhe-Durlach"]
[Date "2020.01.02"]
[Round "1.9"]
[White "Wagner, Lena"]
[Black "Ehmann, Johanna"]
[Result "0-1"]
[WhiteElo "1289"]
[BlackElo "1846"]
[Annotator "NA"]
[PlyCount "90"]
[EventDate "2020.01.02"]
[EventType "swiss"]
[EventCountry "GER"]
[SourceTitle "playchess.com"]
[Source "ChessBase"]
[SourceQuality "1"]
[TimeControl "5400+30"]

1. d4 {[%emt 0:00:00]} d5 {[%emt 0:00:00]} 2. Nf3 {[%emt 0:00:00]} e6 {[%emt 0:00:04]} 3. Nc3 {[%emt 0:00:22]} Nf6 {[%emt 0:00:19]} 4. g3 {[%emt 0:00:33]} Nc6 {[%emt 0:03:49]} 5. Bg2 {[%emt 0:01:16]} a6 {[%emt 0:01:13]} 6. O-O {[%emt 0:01:19]} Be7 {[%emt 0:02:22]} 7. Bf4 {[%emt 0:02:34]} O-O {[%emt 0:02:09]} 8. a3 {[%emt 0:04:16]} b5 {[%emt 0:05:26]} 9. b4 {[%emt 0:04:15]} Rb8 {[%emt 0:02:54]} 10. Rb1 {[%emt 0:03:12]} Ne4 {[%emt 0:08:56]} 11. Nxe4 {[%emt 0:04:47]} dxe4 {[%emt 0:01:10]} 12. Ne5 {[%emt 0:01:37]} Nxe5 {[%emt 0:02:05]} 13. dxe5 {[%emt 0:03:42]} Bb7 {[%emt 0:01:49]} 14. Qc1 {[%emt 0:04:12]} c5 {[%emt 0:05:17]} 15. c4 {[%emt 0:03:34]} bxc4 {[%emt 0:05:18]} 16. Qxc4 {[%emt 0:02:19]} Bd5 {[%emt 0:03:31]} 17. Qxa6 {[%emt 0:07:06]} Ra8 {[%emt 0:02:38]} 18. Qb5 {[%emt 0:01:50]} Qc7 {[%emt 0:01:51]} 19. e3 {[%emt 0:05:02]} c4 {[%emt 0:01:26]} 20. Rfd1 {[%emt 0:04:44]} Rfb8 {[%emt 0:03:07]} 21. Qxb8+ {[%emt 0:01:15]} Rxb8 {[%emt 0:02:54]} 22. Rd4 {[%emt 0:01:44]} Qc6 {[%emt 0:03:08]} 23. Rc1 {[%emt 0:03:21]} c3 {[%emt 0:02:15]} 24. Bf1 {[%emt 0:04:59]} c2 {[%emt 0:05:51]} 25. Kg2 {[%emt 0:01:52]} Qc3 {[%emt 0:01:38]} 26. Be2 {[%emt 0:03:21]} Qb2 {[%emt 0:00:40]} 27. Re1 {[%emt 0:00:48]} c1=Q {[%emt 0:00:52]} 28. Rxc1 {[%emt 0:00:07]} Qxc1 {[%emt 0:00:09]} 29. h4 {[%emt 0:01:10]} h6 {[%emt 0:00:18]} 30. a4 {[%emt 0:02:10]} Rxb4 {[%emt 0:00:26]} 31. Rxb4 {[%emt 0:00:33]} Bxb4 {[%emt 0:00:07]} 32. a5 {[%emt 0:00:10]} Bxa5 {[%emt 0:00:13]} 33. g4 {[%emt 0:00:36]} Qc2 {[%emt 0:00:18]} 34. Kf1 {[%emt 0:01:14]} Bc4 {[%emt 0:00:23]} 35. Bxc4 {[%emt 0:00:49]} Qxc4+ {[%emt 0:00:06]} 36. Kg2 {[%emt 0:00:08]} Qe2 {[%emt 0:00:10]} 37. g5 {[%emt 0:01:10]} hxg5 {[%emt 0:00:20]} 38. hxg5 {[%emt 0:00:08]} Qf3+ {[%emt 0:00:50]} 39. Kg1 {[%emt 0:00:14]} Kh7 {[%emt 0:00:14]} 40. Bg3 {[%emt 0:01:21]} Kg6 {[%emt 0:00:18]} 41. Bf4 {[%emt 0:01:02]} Kh5 {[%emt 0:00:10]} 42. g6 {[%emt 0:01:39]} fxg6 {[%emt 0:00:17]} 43. Kf1 {[%emt 0:00:16]} Kg4 {[%emt 0:00:14]} 44. Bh2 {[%emt 0:01:32]} Kh3 {[%emt 0:00:07]} 45. Bg3 {[%emt 0:00:26]} Qd1# {[%emt 0:00:06]} 0-1

[Event "Baden Youth-ch 2020"]
[Site "Karlsruhe-Durlach"]
[Date "2020.01.02"]
[Round "1.10"]
[White "Schneider, Xenia"]
[Black "Grining, Maria"]
[Result "1-0"]
[WhiteElo "1332"]
[BlackElo "1744"]
[Annotator "NA"]
[PlyCount "35"]
[EventDate "2020.01.02"]
[EventType "swiss"]
[EventCountry "GER"]
[SourceTitle "playchess.com"]
[Source "ChessBase"]
[SourceQuality "1"]
[TimeControl "5400+30"]

1. e4 {[%emt 0:00:00]} c6 {[%emt 0:00:00]} 2. d4 {[%emt 0:00:00]} d5 {[%emt 0:00:00]} 3. Nc3 {[%emt 0:00:00]} dxe4 {[%emt 0:00:00]} 4. Nxe4 {[%emt 0:00:00]} Nf6 {[%emt 0:00:00]} 5. Nxf6+ {[%emt 0:00:11]} exf6 {[%emt 0:00:00]} 6. Bc4 {[%emt 0:00:32]} Bd6 {[%emt 0:03:40]} 7. Qh5 {[%emt 0:21:35]} Qe7+ {[%emt 0:05:43]} 8. Ne2 {[%emt 0:00:26]} O-O {[%emt 0:06:13]} 9. Bd3 {[%emt 0:01:43]} g6 {[%emt 0:00:21]} 10. Qh4 {[%emt 0:01:14]} Be6 {[%emt 0:04:03]} 11. Bh6 {[%emt 0:13:13]} Re8 {[%emt 0:00:28]} 12. O-O {[%emt 0:01:22]} c5 {[%emt 0:08:12]} 13. c3 {[%emt 0:06:46]} Nc6 {[%emt 0:08:47]} 14. f4 {[%emt 0:08:56]} f5 {[%emt 0:07:22]} 15. Bg5 {[%emt 0:00:49]} Qd7 {[%emt 0:01:43]} 16. Rf3 {[%emt 0:04:17]} cxd4 {[%emt 0:09:40]} 17. Bf6 {[%emt 0:04:22]} Be7 {[%emt 0:03:22]} 18. Qxh7+ {[%emt 0:00:15]} 1-0

[Event "Baden Youth-ch 2020"]
[Site "Karlsruhe-Durlach"]
[Date "2020.01.03"]
[Round "2.2"]
[White "Wehrle, Valentin"]
[Black "Hoffmann, Alexander"]
[Result "1-0"]
[WhiteElo "1364"]
[BlackElo "2406"]
[Annotator "TA"]
[PlyCount "119"]
[EventDate "2020.01.02"]
[EventType "swiss"]
[EventCountry "GER"]
[SourceTitle "playchess.com"]
[Source "ChessBase"]
[SourceQuality "1"]

{[%evp 12,119,27,21,30,22,53,1,4,0,0,0,0,0,0,0,14,-3,0,0,0,0,14,14,14,-17,241,-34,-23,-42,-43,-54,-47,-52,-52,-73,-37,-35,231,235,235,223,223,223,222,231,224,140,152,154,156,124,127,96,216,132,135,125,5824,5820,5381,4840,3028,1723,7216,6966,29973,29974,29973,29974,29972,29975,29976,29979,29979,29980,29980,29981,29981,29982,29983,29984,29985,29986,29986,29987,29987,29988,29988,29989,29990,29990,29991,29992,29992,29993,29994,29992,29994,29995,29995,29995,29995,29996,29996,29996,29997,29998,29998,29999]} 1. d4 d5 2. c4 e6 3. g3 Nf6 4. Bg2 Bb4+ 5. Bd2 Bxd2+ 6. Nxd2 O-O 7. Ngf3 Re8 {E11: Bogo-Indian} (7... Nbd7 8. O-O b6 9. cxd5 Nxd5 10. Rc1 Bb7 11. Qb3 Rc8 12. Nc4 Ba8 13. Qa4 a5 14. Nce5 Nxe5 15. Nxe5 Qd6 16. Nc6 Bxc6 17. Rxc6 {½-½ (49) Bluebaum,M (2640)-L'Ami,E (2634) Wijk aan Zee 2018}) 8. O-O c6 9. c5 $146 (9. Qc2 $14) ({Predecessor:} 9. Qc2 Nbd7 10. e4 dxe4 11. Nxe4 Nxe4 12. Qxe4 Nf6 13. Qe2 b6 14. Ne5 Bb7 15. Nxc6 Qd6 16. Ne5 Bxg2 17. Kxg2 Qxd4 {½-½ (43) Leisenberger,H (2044)-Suess,W (2079) Austria 2018}) 9... Nbd7 $11 {The position is equal.} 10. b4 e5 11. Nxe5 Nxe5 12. dxe5 Rxe5 13. e3 Re8 14. a3 Qe7 15. Re1 Bf5 16. Nb3 Nd7 17. Nd4 Bg6 18. f4 {And now f5 would win.} Qf6 $2 {[%mdl 8192]} (18... Be4 $11 {and Black has nothing to worry.}) 19. Qc1 $2 (19. Bh3 $18) 19... Be4 $15 20. Bxe4 Rxe4 21. Ra2 Rae8 {Strongly threatening ...Qxd4!} 22. Rae2 Qg6 23. Qd2 Nf8 24. Kg2 Ne6 $2 {[%mdl 8192]} (24... a6 $15 {stays ahead.}) 25. f5 $18 {[%mdl 64] Double Attack} Rxd4 26. fxg6 Rxd2 27. gxf7+ ({Don't take} 27. Rxd2 $6 hxg6 28. h4 Nf8 $16) 27... Kxf7 28. Rxd2 {[%mdl 4096] Endgame KRR-KRN} Ng5 29. Rd3 Ne4 30. Rf1+ Ke7 31. h4 Ke6 32. Rf4 Ke7 (32... Ra8 $16) 33. Kf3 a5 34. Rd4 axb4 $2 {[%mdl 8192]} (34... Ra8 $16 35. Rfxe4+ dxe4+ 36. Kxe4 (36. Rxe4+ Kf6 $16) 36... Ke6) 35. Rdxe4+ dxe4+ 36. Rxe4+ {[%mdl 64] Double Attack} Kd7 37. Rxe8 Kxe8 38. axb4 {KP-KP} Kf7 39. g4 {White mates.} Kf6 40. Kf4 Ke6 41. e4 g6 42. h5 Kf6 43. hxg6 hxg6 44. e5+ Ke6 {[#]} 45. Kg5 $1 {[%cal Rg5g6]} Kxe5 46. Kxg6 {K3P-KPP} Kd4 47. Kf5 Kc4 48. g5 Kxb4 49. g6 Kxc5 {KPP-KP} 50. g7 b5 51. g8=Q b4 52. Qb3 Kb5 53. Ke5 Kc5 54. Ke6 Kb6 55. Qxb4+ Kc7 {[#]} 56. Qc5 $1 Kb7 57. Kd6 Ka6 58. Qxc6+ Ka7 59. Qb5 Ka8 60. Kc7 {Accuracy: White = 52%, Black = 26%.} 1-0

[Event "Baden Youth-ch 2020"]
[Site "Karlsruhe-Durlach"]
[Date "2020.01.03"]
[Round "2.3"]
[White "Schulz, Hannah"]
[Black "Schneider, Anna"]
[Result "0-1"]
[WhiteElo "1588"]
[BlackElo "1758"]
[Annotator "NA RC"]
[PlyCount "58"]
[EventDate "2020.01.02"]
[EventType "swiss"]
[EventCountry "GER"]
[SourceTitle "playchess.com"]
[Source "ChessBase"]
[SourceQuality "1"]
[TimeControl "5400+30"]

1. d4 {[%emt 0:00:00]} d5 {[%emt 0:00:00]} 2. c4 {[%emt 0:00:00]} e6 {[%emt 0:00:00]} 3. Nc3 {[%emt 0:00:00]} c5 {[%emt 0:00:00]} 4. cxd5 {[%emt 0:00:00]} cxd4 {[%emt 0:00:11]} 5. Qa4+ {[%emt 0:00:00]} Qd7 {[%emt 0:02:09]} 6. dxe6 {[%emt 0:02:33]} Qxa4 {[%emt 0:00:49]} 7. exf7+ {[%emt 0:00:06]} Kxf7 {[%emt 0:00:31]} 8. Nxa4 {[%emt 0:00:04]} b5 {[%emt 0:00:29]} 9. Nc3 {[%emt 0:00:32]} dxc3 {[%emt 0:00:21]} 10. bxc3 {[%emt 0:00:05]} Nf6 {[%emt 0:01:03]} 11. e3 {[%emt 0:00:30]} a6 {[%emt 0:02:01]} 12. Nf3 {[%emt 0:00:42]} Nc6 {[%emt 0:02:34]} 13. Nd4 {[%emt 0:00:18]} Bd7 {[%emt 0:05:08]} 14. Bd3 {[%emt 0:03:31]} Bc5 {[%emt 0:05:18]} 15. a3 {[%emt 0:03:12]} Rhe8 {[%emt 0:08:26]} 16. O-O {[%emt 0:01:36]} Kg8 {[%emt 0:00:49]} 17. Nxc6 {[%emt 1:25:21]} Bxc6 {[%emt 0:00:08]} 18. c4 {[%emt 0:00:00]} b4 {[%emt 0:02:13]} 19. axb4 {[%emt 0:00:00]} Bxb4 {[%emt 0:00:14]} 20. Ba3 {[%emt 0:00:00]} a5 {[%emt 0:01:15]} 21. Rfb1 {[%emt 0:00:00]} Rab8 {[%emt 0:02:32]} 22. h3 {[%emt 0:02:30]} Ne4 {[%emt 1:04:49]} 23. Bxb4 {[%emt 0:00:00]} axb4 {[%emt 0:00:00]} 24. Bxe4 {[%emt 0:01:00]} Bxe4 {[%emt 0:00:00]} 25. Rb2 {[%emt 0:00:00]} b3 {[%emt 0:00:00]} 26. Kf1 {[%emt 0:00:00]} Bd3+ {[%emt 0:00:00]} 27. Ke1 {[%emt 0:00:00]} Bxc4 {[%emt 0:00:00]} 28. Kd2 {[%emt 0:00:00]} Red8+ {[%emt 0:00:00]} 29. Kc3 {[%emt 0:00:00]} Bd3 {[%emt 0:00:00]} 0-1

[Event "Baden Youth-ch 2020"]
[Site "Karlsruhe-Durlach"]
[Date "2020.01.03"]
[Round "2.4"]
[White "Dobrikov, Marco"]
[Black "Danchishin, Kirill"]
[Result "1-0"]
[WhiteElo "2291"]
[BlackElo "1655"]
[Annotator "TA"]
[PlyCount "119"]
[EventDate "2020.01.02"]
[EventType "swiss"]
[EventCountry "GER"]
[SourceTitle "playchess.com"]
[Source "ChessBase"]
[SourceQuality "1"]

{[%evp 10,119,27,36,59,50,62,58,97,85,98,84,87,84,81,84,92,62,60,88,69,75,80,80,224,16,20,0,30,40,101,91,135,0,8,11,38,13,66,-17,0,0,27,27,36,6,23,33,77,14,18,0,56,23,124,127,104,0,123,119,243,242,254,229,243,247,242,237,764,746,836,815,933,983,798,698,1478,1439,1474,1298,1466,1427,1407,1380,1288,1189,1010,977,1220,612,2151,2008,29978,29979,29980,29981,29981,29982,29983,29983,29988,29985,29987,29987,29987,29988,29994,29995,29997,29998,29998,29999]} 1. e4 e5 2. Nf3 Nf6 3. Nxe5 d6 4. Nf3 Nxe4 5. Nc3 Nf6 6. d4 Bf5 {C42: Petroff Defence: 3 Nxe5 and unusual White 3rd moves} (6... Be7 7. Bd3 O-O 8. O-O Nc6 9. d5 Nb4 10. Be2 c6 11. dxc6 bxc6 12. a3 Nbd5 13. Nxd5 Nxd5 14. Nd4 Bd7 15. Bf3 Rc8 16. Bxd5 cxd5 {1-0 (47) Caruana,F (2828)-Lenderman,A (2637) Saint Louis 2019}) 7. Bd3 Bxd3 8. Qxd3 a6 $146 {White is slightly better.} ({Predecessor:} 8... Nbd7 9. Bf4 Be7 10. O-O-O a6 11. g4 Nb6 12. Rde1 Qd7 13. Qe2 O-O-O 14. g5 {½-½ (40) Tamarozi,I (1937)-Bispo,L (2228) Sao Sebastiao do Paraiso 2017}) 9. Bg5 Be7 10. O-O-O O-O 11. Bxf6 Bxf6 12. h4 Nd7 13. Kb1 Re8 14. g4 g6 15. h5 c6 16. hxg6 fxg6 (16... hxg6 $16 17. Rh3 Bg7) 17. Ne4 $2 (17. Qc4+ $1 $18 d5 18. Qf1) 17... d5 $11 18. Ng3 Qb6 19. g5 Bh8 ({Black should play} 19... Bg7 $14) 20. Nh4 $16 {[#] Ngf5! is the strong threat.} Nc5 $1 {[%mdl 512]} 21. Qd2 (21. Qa3 $1 $16) (21. dxc5 Qxb2#) 21... Ne4 22. Nxe4 Rxe4 23. c3 $1 Rae8 ({Black should try} 23... Qc7 $11) 24. Rde1 (24. f4 $1 $14) 24... Rxe1+ (24... c5 {is interesting.} 25. Rxe4 Rxe4 26. dxc5 Qxc5 27. Nf3 d4) 25. Rxe1 Rxe1+ (25... Rf8 {with more complications.} 26. f4 Qc7 27. Ng2 Bg7 28. a3 Qc8) 26. Qxe1 {Black must now prevent Qe8+.} Qd8 27. Qe3 Kf7 28. Qf4+ Ke8 29. Ng2 ({Better is} 29. Nf3 $16) 29... Bg7 $11 30. a3 Qd7 (30... Bf8 $11) 31. Ka2 Ke7 (31... Bf8 $11 {keeps the balance.}) 32. Qh4 $36 {[%mdl 2048] White has strong initiative.} Kf7 33. Qf4+ Ke7 34. Ne1 Qf5 {[#]} (34... c5 $16) 35. Qc7+ $1 $18 Qd7 {[#]} 36. Qb8 $1 Kf7 37. Nd3 Qe7 38. Nc5 Qe2 $2 (38... Bf8 39. Nxb7 Qxg5 40. Nd8+ Kg8 41. Nxc6 Qf6) 39. Qxb7+ {[%mdl 64] Double Attack} Kg8 40. Qxa6 Qxa6 41. Nxa6 {[%mdl 4096] Endgame KB-KN} Bf8 42. Nb4 Be7 43. f4 Bd6 44. Nd3 Kf8 45. b4 Ke8 46. a4 Kd8 47. Kb3 Kc7 48. c4 Kb7 49. b5 dxc4+ 50. Kxc4 cxb5+ 51. Kxb5 {White mates.} Bf8 52. a5 {[%cal Ba4a5,Ba5a6][%mdl 32]} Bg7 53. Ne5 Bf8 54. a6+ Ka8 55. d5 Bd6 56. Kc6 Bb8 57. d6 h6 58. d7 hxg5 59. d8=Q g4 {[#]} 60. Qc8 $1 {Accuracy: White = 53%, Black = 25%.} 1-0